Bioimaging (Record no. 73712)

MARC details
000 -LEADER
fixed length control field 00704 2200181 4500
005 - DATE AND TIME OF LATEST TRANSACTION
control field 20120411145630.0
008 - FIXED-LENGTH DATA ELEMENTS--GENERAL INFORMATION
fixed length control field 120411t xxu||||| |||| 00| 0 eng d
080 ## - UNIVERSAL DECIMAL CLASSIFICATION NUMBER
Universal Decimal Classification number 537.533.35
Item number CHA
100 ## - MAIN ENTRY--PERSONAL NAME
Personal name Chandler, Douglas E
245 ## - TITLE STATEMENT
Title Bioimaging
Remainder of title current concepts in light and electron microscopy
Statement of responsibility, etc Douglas E. Chandler and Robert W. Roberson
300 ## - PHYSICAL DESCRIPTION
Extent xvi, 440p.
653 ## - INDEX TERM--UNCONTROLLED
Uncontrolled term Microscopy - technique
653 ## - INDEX TERM--UNCONTROLLED
Uncontrolled term Electron microscopy
942 ## - ADDED ENTRY ELEMENTS (KOHA)
item type Books
260 ## - PUBLICATION, DISTRIBUTION, ETC. (IMPRINT)
Place of publication, distribution, etc Boston
Name of publisher, distributor, etc Jones and bartlett
Date of publication, distribution, etc 2009
020 ## - INTERNATIONAL STANDARD BOOK NUMBER
International Standard Book Number 9780763738747
260 ## - PUBLICATION, DISTRIBUTION, ETC. (IMPRINT)
-- 19926
Holdings
Lost status Source of classification or shelving scheme Not for loan Home library Current library Shelving location Date acquired Cost, normal purchase price Total Checkouts Total Renewals Full call number Barcode Date last seen Date checked out Cost, replacement price Price effective from Koha item type
  Universal Decimal Classification   University Library University Library General Stacks 28/12/2011 0.00 7 1 537.533.35 CHA 00066501 22/04/2025 22/02/2025 0.00 28/12/2011 Books
University Library, CUSAT